000 01040nam a2200361Ia 4500
001 6368
008 191123s9999 xx 000 0 und d
041 _afre
044 _afr
260 _aParís :
_b[s.n.],
_c1995.
300 _a24 p.
500 _aExposición realizada desde el 23 de julio al 27 de agosto de 1995. Con entrevista realizada por Alain Bilot y Jean Claude Cheval al artista. Ejemplar numerado 6/50 y firmado por el artista
650 _aBILOT, ALAIN
650 _aBIOGRAFIAS
650 _aCHEVAL, JEAN CLAUDE,
650 _aDI TEANA, MARINO
650 _aESCULTURAS
650 _aEXPOSICIONES
650 _aFRANCIA
650 _aITALIA
710 _aAssociation pour la Promotion des Arts Plastiques. Pornichet
902 _aM
903 _am
904 _am
907 _aImpreso
911 _aláminas color y b/n; 30 cm
912 _a1995
920 _an. 8
942 _cLIBRO
999 _c4379
_d4379
490 0 _aMarino di Teana.
245 0 _aLes Cahiers d'Art de "La Plage des Libraires"